00678nam a2200205I 450000100060000000300080000600500170001400800410003103500190007204000320009104100130012308200240013610000320016024501050019226000590029730000330035665000470038970000190043670000170045577084BD-RjUL20211209082925.0200223r19611934enkac 000 0 eng d a(BD-RjUL)77308 aRCMcRCMdRCDdBD-RjULbeng1 aenghfre 223a820.9bLES 19611 aLegouis, Emile,d1861-1937.12aA short history of English literature /cby Emile Legouis; translated by V.F. Boyson and J. Coulson. aOxford :bThe Clarendon press,c1934, [reprinted 1961] axvi, 404 p. :bill.;c19 cm. 0aEnglish literaturexHistory and criticism. aBoyson, V.F.  aCoulson, J.